Un enfoque para la formación del educador de adultos
Saved in:
| Hovedforfatter: | |
|---|---|
| Format: | Bog |
| Sprog: | spansk |
| Udgivet: |
Santiago
CLEA
1978
|
| Serier: | Documentos CENDOC, A-15
|
| Fag: | |
| Tags: |
Tilføj Tag
Ingen Tags, Vær først til at tagge denne postø!
|
MARC
| LEADER | 00000nam a2200000 a 4500 | ||
|---|---|---|---|
| 001 | UCY8952 | ||
| 003 | CL-VaPUC | ||
| 008 | 950707e19780000CL |||||||||||||||||spa|d | ||
| 082 | 0 | 4 | |a 374 |b COR |2 21 |
| 100 | 0 | |a Cornejo C., Sergio |e author |9 340812 | |
| 245 | 1 | 3 | |a Un enfoque para la formación del educador de adultos |
| 300 | |a 49 p | ||
| 942 | |c BK | ||
| 945 | |d 19950707 00:00:00 |a cmena | ||
| 260 | |a Santiago |b CLEA |c 1978 | ||
| 650 | 0 | |a Educación de adultos |9 307580 | |
| 650 | 0 | |a Adultos |9 335034 | |
| 650 | 0 | |a Métodos de aprendizaje |9 334464 | |
| 650 | 0 | |a Planificación de la educación |9 307333 | |
| 650 | 7 | |a EDUCACION PERMANENTE |2 CL-VaPUC |9 316165 | |
| 650 | 0 | |a Formación profesional de profesores |9 307493 | |
| 650 | 7 | |a CAPACITACION DEL PERSONAL DE EDUCACION |2 CL-VaPUC |9 335008 | |
| 583 | |a last modification |c 19950707 00:00:00 |k Rodrigo Vera | ||
| 490 | 0 | |a Documentos CENDOC, A-15 | |
| 999 | |c 236130 |d 236128 | ||
| 952 | |0 0 |1 0 |4 0 |6 374_000000000000000_COR_1978 |7 0 |8 P |9 243993 |a BIBEDU |b BIBEDU |c BIBEDU_PB |d 2019-11-18 |i 1529218 |o 374 COR 1978 |p 1529218 |r 2024-01-25 |w 2019-11-18 |y BK |k EDU | ||